| 000 | 01002nam a22002417a 4500 | ||
|---|---|---|---|
| 999 |
_c3116 _d3116 |
||
| 005 | 20231016120010.0 | ||
| 008 | 231016b ||||| |||| 00| 0 eng d | ||
| 020 | _a9781910684245 | ||
| 040 | _cKH8 | ||
| 082 | _a567.9 RAK | ||
| 100 |
_aRake, Matthew _eAuthor |
||
| 245 |
_aEvolution : the incredible story of life on Earth / _cMatthew Rake |
||
| 260 |
_aEdenbridge, Kent, _bHungry Banana, _c2019 |
||
| 300 |
_a94 pages : _bcolour illustrations, _c 28 cm. _ecolour maps ; |
||
| 500 | _a Includes index | ||
| 520 | _aAckerley the Acanthostega takes you on a journey through time to explore the development of life on our planet from the earliest organisms of 3.6 billion years ago through to the arrival of primates and then modern humans who have been around for less than 200000 years | ||
| 521 | _aAges 7+ | ||
| 650 | _aEvolution | ||
| 650 | _aEvolution (Biology) | ||
| 650 |
_aEvolution (Biology) _vJuvenile literature |
||
| 700 |
_aMinister, Peter _eIllustrator |
||
| 942 |
_2ddc _cNFIC |
||